| 000 | 00555nam a2200157 4500 | ||
|---|---|---|---|
| 008 | 020111s1940 loe engta | ||
| 090 |
_aBS2312 _bV75e |
||
| 100 | 1 | _aVine, William Edwy | |
| 245 | 1 | 0 |
_aAn expository dictionary of New testament words with their precise meanings for English readers / _cWilliam Edwy Vine. |
| 260 |
_aLondon : _bOliphants, _cc1940, _crep. 1958. |
||
| 300 | _a4 volumes in one. | ||
| 650 | 4 |
_aBible. N. T. _xDictionaries. |
|
| 951 |
_p5447 _oBS2312/V75e _j070613111034875 _d2000-12-21 _cREF |
||
| 999 |
_c8385 _d8385 |
||